000 01513nam a22001577a 4500
041 _aukr
080 _a09
090 _bТИМ
100 _aТимченко Мирослава Олександрівна
245 _aПсихолінгвістичні особливості вираження когнітивних гендерних стереотипів у мові ЗМІ
260 _aОстрог
_bКАФ
_c2012
300 _a63
520 _aРозділ 1. Гендер та його особливості. 1.1 Гендер і гендерні поняття. 1.2 Стереотипи та стерео типізація як проблема гендерних досліджень. 1.3 Вплив гендерних стереотипів у рекламі. Розділ 2. Особливості лексики чоловіків і жінок в англомовному середовищі з точки зору лінгвістики у мові ЗМІ. 2.1 Лексичний аналіз як метод вивчення спілкування чоловіків і жінок. 2.2 Стилістичний аналіз як сповсіб дослідження стилю лексики чоловіків і жінок. 2.3 Структурний аналіз як шлях зясування основних відмінностей лексики чоловіків і жінок за бесідою.
_0гендер, лексика.
650 _aResearch Papers
999 _c284999
_d284999
942 _cBK